00990 2200337 4500001002100000005001500021035002000036007000300056008004100059020002200100082001000122084001600132100003000148245008400178300005200262650001600314700003200330264005400362336002100416337003000437338002300467040002200490850001200512041000800524990002000532990002000552990002000572990002000592990002000612990002000632INLIS00000000087261920220905012723 a0010-0922000147ta220905 2021 xx a g 1 ind d a978-602-386-301-3 a614.4 a614.4 BAM e0 aBambang Sumiartoepenulis1 aEpidemologi veteriner analitik /cpenulis, Bambang Sumiarto, Setyawan Budiharta axx, 328 halaman :bgambar, tabel, foto ;c23 cm aEpidemologi0 aSetyawan Budihartaepenulis aYogyakarta :bGadjah Mada University Press,c2021 2rdacontentateks 2rdamediaatanpa perantara 2rdacarrieravolume aYOPDYOGbinderda aYOPDYOG aind a46379-PD/B.2022 a46380-PD/B.2022 a46380-PD/B.2022 a46379-PD/B.2022 a46379-PD/B.2022 a46380-PD/B.2022